| 000 -CABECERA |
| campo de control de longitud fija |
01685nam a22003617a 4500 |
| 003 - IDENTIFICADOR DEL NÚMERO DE CONTROL |
| campo de control |
OSt |
| 005 - FECHA Y HORA DE LA ÚLTIMA TRANSACCIÓN |
| campo de control |
20251030161337.0 |
| 008 - DATOS DE LONGITUD FIJA--INFORMACIÓN GENERAL |
| campo de control de longitud fija |
251030b ||||| |||| 00| 0 spa d |
| 020 ## - NÚMERO INTERNACIONAL ESTÁNDAR DEL LIBRO |
| Número Internacional Estándar del Libro |
9786287547827 |
| 040 ## - FUENTE DE LA CATALOGACIÓN |
| Centro/agencia transcriptor |
CO-Mq BPB |
| 041 0# - CÓDIGO DE LENGUA |
| Código de lengua del texto/banda sonora o título independiente |
spa |
| 043 ## - CÓDIGO DE ÁREA GEOGRÁFICA |
| Código de área geográfica |
s-ck--- |
| 084 ## - OTRO NÚMERO DE CLASIFICACIÓN |
| Número de clasificación |
AC |
| Número de documento/Ítem |
CONp |
| 245 00 - MENCIÓN DE TÍTULO |
| Título |
Partos / |
| Mención de responsabilidad, etc. |
compilación de Cristina Consuegra y Alejandra Hernández ; prólogo de Andrea Cote. |
| 250 ## - MENCIÓN DE EDICIÓN |
| Mención de edición |
Edición especial |
| 264 #1 - PRODUCCIÓN, PUBLICACIÓN, DISTRIBUCIÓN, FABRICACIÓN Y COPYRIGHT |
| Producción, publicación, distribución, fabricación y copyright |
Bogotá, Colombia : |
| Nombre del de productor, editor, distribuidor, fabricante |
Laguna Libros, |
| Fecha de producción, publicación, distribución, fabricación o copyright |
2024 |
| 300 ## - DESCRIPCIÓN FÍSICA |
| Extensión |
262 páginas : |
| Otras características físicas |
ilustraciones a color, tapa rustica; |
| Dimensiones |
22 cm |
| 336 ## - TIPO DE CONTENIDO |
| Término de tipo de contenido |
texto |
| Código de tipo de contenido |
txt |
| Fuente |
rdacontenido |
| 337 ## - TIPO DE MEDIO |
| Nombre/término del tipo de medio |
sin mediación |
| Código del tipo de medio |
n |
| Fuente |
rdamedio |
| 338 ## - TIPO DE SOPORTE |
| Nombre/término del tipo de soporte |
volumen |
| Código del tipo de soporte |
nc |
| Fuente |
rdasoporte |
| 520 ## - SUMARIO, ETC. |
| Sumario, etc. |
Partos reúne los relatos de veintiún mujeres sobre su experiencia de dar a luz. Aquí conviven historias de partos en hospital y casa, vaginales y por cesárea, en el campo y en la ciudad. Este libro muestra que hay tantas maneras de dar a luz como mujeres que lo han hecho, y recuerda la fuerza que nace al contar nuestras historias |
| Identificador Uniforme del Recurso |
<a href="https://ladiligencialibros.com/producto/partos/?srsltid=AfmBOopQpoy8Jw2RhX3A2IA2LPScMRm7YJcqWUipCBzx0FT-MYYSkshi">https://ladiligencialibros.com/producto/partos/?srsltid=AfmBOopQpoy8Jw2RhX3A2IA2LPScMRm7YJcqWUipCBzx0FT-MYYSkshi</a> |
| 521 ## - NOTA DE PÚBLICO DESTINATARIO |
| Nota de público destinatario |
Recomendado para un público adulto |
| 545 ## - DATOS BIOGRÁFICOS O HISTÓRICOS |
| Datos biográficos o históricos |
Incluye datos biográficos de las compiladoras |
| 650 07 - PUNTO DE ACCESO ADICIONAL DE MATERIA--TÉRMINO DE MATERIA |
| Término de materia o nombre geográfico como elemento de entrada |
Maternidad en la literatura |
| 9 (RLIN) |
18698 |
| Fuente del encabezamiento o término |
lemb |
| 650 07 - PUNTO DE ACCESO ADICIONAL DE MATERIA--TÉRMINO DE MATERIA |
| Término de materia o nombre geográfico como elemento de entrada |
Psicologia de la mujer |
| 9 (RLIN) |
19249 |
| Fuente del encabezamiento o término |
lemb |
| 650 07 - PUNTO DE ACCESO ADICIONAL DE MATERIA--TÉRMINO DE MATERIA |
| Término de materia o nombre geográfico como elemento de entrada |
Solidaridad en la literatura |
| 9 (RLIN) |
58999 |
| 650 04 - PUNTO DE ACCESO ADICIONAL DE MATERIA--TÉRMINO DE MATERIA |
| Término de materia o nombre geográfico como elemento de entrada |
Cuentos colombianos |
| Subdivisión cronológica |
Siglo XX |
| 9 (RLIN) |
73748 |
| 650 04 - PUNTO DE ACCESO ADICIONAL DE MATERIA--TÉRMINO DE MATERIA |
| Término de materia o nombre geográfico como elemento de entrada |
Literatura colombiana |
| 9 (RLIN) |
2248 |
| 700 ## - PUNTO DE ACCESO ADICIONAL--NOMBRE DE PERSONA |
| Nombre de persona |
Consuegra, Cristina |
| Término indicativo de función/relación |
com |
| 9 (RLIN) |
291799 |
| 700 ## - PUNTO DE ACCESO ADICIONAL--NOMBRE DE PERSONA |
| Nombre de persona |
Cote, Andrea |
| Término indicativo de función/relación |
wfw |
| 9 (RLIN) |
291801 |
| 700 ## - PUNTO DE ACCESO ADICIONAL--NOMBRE DE PERSONA |
| Nombre de persona |
Hernández, Alejandra |
| Término indicativo de función/relación |
com |
| 9 (RLIN) |
291800 |
| 942 ## - ELEMENTOS DE PUNTO DE ACCESO ADICIONAL (KOHA) |
| Tipo de ítem Koha |
Libro Literatura |